Игиената на неврастеника (Запис номер 134037)
[ съкратено ]
| 000 -Лидер | |
|---|---|
| Контролно поле с фиксирана дължина | 02241nam a2200397 c 4500 |
| 003 - Код на организацията, давaща контролен номер | |
| Контролно поле | BLK |
| 005 - Дата и час на последна редакция | |
| Контролно поле | 20210423152749.0 |
| 008 - Елементи от данни с фиксирана дължина | |
| fixed length control field | 180409b bul|||||r ||||||| ||bul|| |
| 010 ## - Наследен системен номер | |
| LC control number | KNG00139941000 |
| 040 ## - Източник на каталожния запис | |
| Идентификатор на билиотеката - собственик на записа | BLK |
| 041 ## - Код за език | |
| Код за езика на текст/звукозапис или на отделно заглавие | Български |
| Код за езика КДБФ | Български |
| 080 ## - УДК | |
| Текстов определител УДК | Хигиена на нервната система. Психическа и нравствена хигиена. Вж и 178 ; 351.76 |
| УДК код - определител по УДК | 613.8 |
| УДК - код + определител | 613.8 |
| 080 ## - УДК | |
| Текстов определител УДК | Нервни разстройства - Разстройства на активните движения, апраксия;адинамия, параличи, парези, спазмофилия, повишаване на мускулния тонус - гърчове, спазми, тикове, конвулсии, тремор, треперене, контр |
| УДК код - определител по УДК | 616.8-009 |
| УДК - код + определител | 616.8-009 |
| 100 1# - Редна дума - Автор | |
| Автор | Пруст, Ашел |
| Авторска отговорност | първи автор |
| R(LIN) | 324223 |
| 139 ## - Редно поле | |
| Редна дума | Пруст, Ашел и др. |
| Авторски знак | Прот - П 92 |
| 245 10 - Сведения за заглавието | |
| Заглавие | Игиената на неврастеника |
| Редно поле (дума) | Ашел Пруст; съавт. Жилбер Бале; прев. от фр. ориг. Харалампи Николов Нейчев. |
| 257 ## - Страна на издаване | |
| Страна на създаване/издаване | Германия |
| 260 ## - Област на издателските данни | |
| Място на издаване, разпространение и проч. | Варна |
| Име на издателя, разпространителя и проч. | К. Евстатиев |
| Година на издаване | 1905 |
| Печатница | Варна : печ. Зора |
| 300 ## - Физическа характеристика | |
| Страници | III, 194, II с. |
| Размери/Мащаб | 19 см |
| 380 ## - Жанр | |
| Жанр | Медицина |
| 490 1# - СЕРИИ (Колекции) | |
| Име на серия | Образователна библиотека |
| №: серия | № 24 |
| 490 ## - СЕРИИ (Колекции) | |
| Име на серия | Колекция Редки и ценни издания |
| 9 (RLIN) | 435080 |
| 500 ## - Общи забележки | |
| Забележка | Прев. е от 2. изд. на фр. ориг. - |
| 501 ## - Забележка „подвързано към” | |
| Забележка: Подвързано към... | Екз. с инв. № 767382 е подв. към Из царството на лъжите / Макс Нордау със сигн. Рн 899 и инв. № 13313-а. |
| 650 #4 - Допълнително описание по предмет – тема | |
| Основно описание – тема или топоним | Нервни болести |
| 9 (RLIN) | 253393 |
| 650 #4 - Допълнително описание по предмет – тема | |
| Основно описание – тема или топоним | Неврастения - профилактика и лечение |
| 9 (RLIN) | 163844 |
| 650 #4 - Допълнително описание по предмет – тема | |
| Основно описание – тема или топоним | Хигиена - здравеопазване |
| 9 (RLIN) | 290327 |
| 653 ## - Ключова дума – ненормативна | |
| Ключова дума | нервни болести |
| 653 ## - Ключова дума – ненормативна | |
| Ключова дума | неврози |
| 653 ## - Ключова дума – ненормативна | |
| Ключова дума | хигиена |
| 700 1# - Други автори (авторска отговорност) | |
| Лично име | Бале, Жилбер |
| Автороска отговорност (Описва отношението между автора и произведението) | съавт. |
| 9 (RLIN) | 35954 |
| 700 1# - Други автори (авторска отговорност) | |
| Лично име | Нейчев, Харалампи Николов |
| Автороска отговорност (Описва отношението между автора и произведението) | прев. от фр. ориг. |
| 9 (RLIN) | 378611 |
| 852 ## - Местоположение | |
| Форматна сигнатура | Рб 899 |
| Фондова буква | Редки и ценни |
| 856 4# - Електронен адрес и достъп | |
| Електронен формат | pdf - файл |
| 856 4# - Електронен адрес и достъп | |
| Електронен формат | pdf - файл |
| 999 ## - СИСТЕМНИ КОНТРОЛНИ НОМЕРА | |
| Koha biblionumber | 134037 |
| Koha biblioitemnumber | 134037 |
| 942 ## - АРТИКУЛИ | |
| Вид на библиотечния материал | Книги |
| Скрит в OPAC | Не |
| Периодичен библиозапис | Да |
| 944 ## - СЪЗДАВАНЕ И РЕДАКЦИЯ на ЗАПИСА | |
| Създаване/Редакция | Създаване |
| Дата на регистрацията/редакция | 22.02.2013 |
| Статус, дата на статуса | ф / 22.02.2013 |
| Служител, извършил регистрацията/редакцията | Людмила_Стоянова |
| 944 ## - СЪЗДАВАНЕ И РЕДАКЦИЯ на ЗАПИСА | |
| Създаване/Редакция | Редакция |
| Дата на регистрацията/редакция | 21.10.2013 |
| Статус, дата на статуса | ф / 22.02.2013 |
| 999 ## - СИСТЕМНИ КОНТРОЛНИ НОМЕРА | |
| Koha biblioitemnumber | 134037 |
| 999 ## - СИСТЕМНИ КОНТРОЛНИ НОМЕРА | |
| Koha biblioitemnumber | 134037 |
| 999 ## - СИСТЕМНИ КОНТРОЛНИ НОМЕРА | |
| Koha biblioitemnumber | 134037 |
| Код за отписване | Код за изгубен артикул | Източник на класификационната схема | Код за повреда | Коз за рестрикции | Код за отдаване | Артикулен № | Име на библиотеката - собственик | Име на библиотеката, в която се намира в момента | Статус (Текущо местоположение) | Дата на вписване в системата | Местоположение - отдел | Цена в лева | Инвентарен номер | Систематично азбучна сигнатура | Баркод | Номер на екземпляра | Цена в евро | Служебна бележка | Служебен тип на артикула |
|---|---|---|---|---|---|---|---|---|---|---|---|---|---|---|---|---|---|---|---|
| Не е изгубен | Universal Decimal Classification | Не е повреден | без рестрикции | ползва се в читалня | 218791 | Регионална библиотека "Любен Каравелов" Русе | Регионална библиотека "Любен Каравелов" Русе | Хранилище | 1905-01-01 | Основен фонд - ползва се само за читалня | 0.40 | 5497/58 | Цб 6.190.10025 | 900000054827 | 1 | 0.20 | N: стар фонд Дата: 01.01.1905 | Книги | |
| Не е изгубен | Universal Decimal Classification | Не е повреден | само за читалня | Специални фондове ( старопечатни, редки и ценни, фонд М. Арнаудов) | 218792 | Регионална библиотека "Любен Каравелов" Русе | Регионална библиотека "Любен Каравелов" Русе | Редки и ценни | 2013-06-25 | Редки и ценни | 22.00 | 120000767382 | Рб 899 | 120000767382 | 2 | 11.25 | Дост: DA Вид: А N: 14 Дата: 25.06.2013 Дата инв: 16.12.2016 Бележки инв: Рц2016 | Книги |